| 000 | 01070nam a2200301 i 4500 | ||
|---|---|---|---|
| 001 | 181885 | ||
| 003 | ES-MaACL | ||
| 005 | 20250819085725.0 | ||
| 008 | 130506s2012 sp a | |||||||| | spa d | ||
| 020 | _a978-84-96495-50-0 | ||
| 080 | _a329.18(460) | ||
| 080 | _a323.281(460)"1939/75" | ||
| 245 | 0 | 0 |
_aFranco, la represión como sistema / _cJulio Aróstegui (coord.) ; Manuel Álvaro Dueñas, Ángeles Egido, Matilde Eiroa ... [et al.]. |
| 250 | _a1ª ed. | ||
| 260 |
_aBarcelona : _bFlor del Viento, _c2012. |
||
| 300 |
_a479 p. : _bgráf. ; _c23 cm. |
||
| 490 | 1 |
_aDel viento terral ; _v49 |
|
| 500 | _aÍndices. | ||
| 504 | _aBibliografía: p. 437-461. | ||
| 650 | 7 |
_aFranquismo _2embne _912981 |
|
| 650 | 4 |
_aRepresión política- _zEspaña- _y1939-1975. _9145752 |
|
| 700 | 1 |
_aAróstegui, Julio, _d1939-2013 _923167 |
|
| 700 | 1 |
_aÁlvaro Dueñas, Manuel. _9152685 |
|
| 830 | 1 |
_aDel viento terral ; _v49 _9181941 |
|
| 852 | 4 |
_aES-MaACL _jA-12701 _9188793 _bR.148842 _cDEPO1 _dOlim: N-5701 |
|
| 942 |
_2udc _cMONOGRAFIA |
||
| 999 |
_c181885 _d181885 |
||